00306nam a2200133Ia 45000030006000000080041000060400015000471000012000622450050000742500010001242600009001345460012001430050017001550STCL150530s9999 xx 000 0 und d aSTCLcSTCL aShelley aPoetical works by Perey Bysshe Shelley Vol- I aFirst c1949 aEnglish20220125170934.0